The word 'one' in different languages - Statistics

General Stats
  • This quiz has been taken 1,471 times
  • The average score is 6 of 16
Answer Stats
Language Answer % Correct
French Un
99%
Spanish Uno
99%
Italian Uno
99%
English One
97%
German Eins
62%
Japanese Ichi
35%
Dutch Een
29%
Portuguese Um
25%
Mandarin Yi
21%
Korean Hana
16%
Russian Odin
16%
Polish Jeden
15%
Hindi Ek
13%
Arabic Wahid
10%
Greek Enas
6%
Punjabi Ika
4%
No matching quizzes found
Score Distribution
Percent of People with Each Score
Percentile by Number Answered
Your Score History
You have not taken this quiz